| 000 | 00346pam a2200157 a 4500 | ||
|---|---|---|---|
| 020 |
_a9781405184762 _c |
||
| 041 | _h | ||
| 082 |
_a617.3 _bBHA |
||
| 100 | _aBHANDARI M. | ||
| 245 |
_aEVIDENCE -BASED ORTHOPEDICS _hTextual Documents |
||
| 250 | _a1. | ||
| 260 |
_bBMJ _c2012 |
||
| 300 |
_a1152: _bXXVI; _cHB. |
||
| 930 | _a5507 | ||
| 999 |
_c800034 _d800034 |
||
| 650 | _aORTHO | ||